000 00832cam a2200241 a 4500
001 000014418
005 20200929163841.0
008 890712s1985 nq c 000 0 spa
040 _aDO-SdBNP
_bspa
_cDLC
_dBNPHU
082 _annn
_bA668s
100 1 _aArce, Bayardo,
_d1950-
_q(Bayardo Arce Castaño)
_932535
245 1 0 _aSandinismo y política imperialista /
_cBayardo Arce.
260 _aManagua :
_bNueva Nicaragua,
_c1985.
300 _a129 p. :
_bil. ;
_c19 cm.
490 1 _aAl día
651 4 _aNicaragua
_xPolítica Y Gobierno
_y1979-1990
_98915
651 4 _aNicaragua
_xRelaciones
_zEstados Unidos
_932536
650 4 _aNicaragua
_xCondiciones políticas
_932537
651 4 _aAmérica Central
_xRelaciones
_zEstados Unidos
_932538
830 0 _aAl día ;
_930383
910 _aCatalogación por copia / LC
049 _aBNGR
999 _c14009
_d14009